000
00285nam a2200109 a 4500
008
110426s1960|||| d
245
1
0
_a
Veľký Rusko - slovenský slovník
260
_b
Slovenská akadémia vied
_a
Bratislava
_c
1960
020
_c
39,50
041
_a
slo
044
_a
xo
_c
SK
999
_c
19147
_d
19147